QCM sur l’Inde - Statistiques

Statistiques générales
  • Ce quiz a été pris 107 fois
  • Le résultat moyen est 10 sur 12
Statistiques - réponses
Question Réponse % Correct
Quel est le site le plus visité du pays ? Taj Mahal
95%
Quel type d’activité traite l’industrie de Bollywood ? Cinéma
93%
Quel pays a longtemps colonisé le pays jusqu’au XXème siècle ? Royaume-Uni
93%
Quel sport est le plus populaire en Inde ? Cricket
90%
Quel célèbre leader du mouvement indépendantiste indien est réputé pour sa non-violence ? Gandhi
90%
Laquelle de ces religions est apparue pour la première fois en Inde ? Hindouisme
86%
Quel célèbre fleuve traverse le pays ? Gange
81%
De quel pays l’Inde a-t-elle été séparée lors de cette indépendance ? Pakistan
81%
Quel pays insulaire se trouve au sud de l’Inde ? Sri Lanka
81%
En quelle année l’Inde a-t-elle pris son indépendance ? 1947
79%
Quelle est la ville indienne la plus peuplée ? Bombay
52%
Quel est le nom de l’Inde en hindi ? Bharat
50%
Aucun quiz correspondant
Distribution des résultats
% des personnes avec chaque résultat
Percentile par nombre de réponses
Votre historique - résultats
Vous n’avez pas pris ce quiz